Statystyki dla Polskie miasta z systemami tramwajowymi

Kliknij tutaj aby rozwiązać quiz!

Ogólne statystyki

  • Ten quiz został rozwiązany 985 razy
  • Średni wynik to 11 z 15

Statystyki odpowiedzi

OdMiasto% Poprawnych
1908-Warszawa
99%
1895-Gdańsk
92%
1901-Kraków
92%
1893-Wrocław
91%
1898-Katowice
84%
1898-Łódź
84%
1898-Poznań
84%
1897-Szczecin
84%
1895-Bydgoszcz
82%
1891-Toruń
79%
2015-Olsztyn
65%
1959-Częstochowa
55%
1899-Gorzów Wielkopolski
50%
1895-Elbląg
46%
1899-Grudziądz
35%

Rozkład punktacji

Percentyl według liczby udzielonych odpowiedzi

Procent ludzi z każdym wynikiem

Twoja historia wyników

Nie rozwiązałeś tego quizu